US State Word Scramble- 30 Second Sprint - Statistics

General Stats
  • This quiz has been taken 13 times
  • The average score is 10 of 40
Answer Stats
Answer % Correct
Alabama
67%
Alaska
67%
Arkansas
67%
Arizona
58%
Connecticut
58%
Colorado
50%
California
42%
Delaware
42%
Florida
42%
Idaho
42%
Hawaii
33%
Illinois
33%
Maine
33%
Iowa
25%
Kansas
25%
Kentucky
25%
Oklahoma
25%
Virginia
25%
Wyoming
25%
Georgia
17%
Indiana
17%
Louisiana
17%
Michigan
17%
Minnesota
17%
Montana
17%
Pennsylvania
17%
Tennessee
17%
Wisconsin
17%
Maryland
8%
Massachusetts
8%
Mississippi
8%
Missouri
8%
Ohio
8%
Texas
8%
Utah
8%
Vermont
8%
Washington
8%
Nebraska
0%
Nevada
0%
Oregon
0%
No matching quizzes found
Score Distribution
Percent of People with Each Score
Percentile by Number Answered
Your Score History
You have not taken this quiz